Centroamérica y el tamaño de nuestra soledad: una visión y 14 proposiciones /
sin resumen
Gespeichert in:
| 1. Verfasser: | |
|---|---|
| Weitere Verfasser: | |
| Format: | Text |
| Sprache: | Spanish |
| Tags: |
Tag hinzufügen
Keine Tags, Fügen Sie den ersten Tag hinzu!
|
MARC
| LEADER | 00000 a a2200000 04500 | ||
|---|---|---|---|
| 001 | 2853 | ||
| 003 | cru CIDCACS/IIS | ||
| 005 | 20230615105750.0 | ||
| 008 | 230615b |||||||| |||| 00| 0 spa d | ||
| 040 | |c cru CIDCACS/IIS | ||
| 100 | |a Torres Rivas, Edelberto | ||
| 245 | |a Centroamérica y el tamaño de nuestra soledad: |b una visión y 14 proposiciones / |c Edelberto Torres Rivas | ||
| 500 | |a Colección Centroamérica | ||
| 520 | |a sin resumen | ||
| 700 | |a Sojo Obando, Carlos |a Morales Gamboa, Abelardo | ||
| 773 | |g número 3; páginas 1-11 | ||
| 773 | 0 | |0 43063 |9 4527 |a FLACSO, Costa Rica |d San José, Costa Rica, FLACSO |o 22915 |t Centroamérica Internacional / | |
| 942 | |2 ddc |c PP | ||
| 999 | |c 22512 |d 22512 | ||
